KOHA-Header-6

Psychology (Record no. 12591)

000 -LEADER
fixed length control field 00320nam a22001457a 4500
003 - CONTROL NUMBER IDENTIFIER
control field MAJU-Karachi
005 - DATE AND TIME OF LATEST TRANSACTION
control field 20201003140107.0
008 - FIXED-LENGTH DATA ELEMENTS--GENERAL INFORMATION
fixed length control field 201003b ||||| |||| 00| 0 eng d
024 ## - OTHER STANDARD IDENTIFIER
Standard number or code B00N4E83CQ
040 ## - CATALOGING SOURCE
Transcribing agency 123
100 ## - MAIN ENTRY--PERSONAL NAME
Personal name James S. Nairne
245 ## - TITLE STATEMENT
Title Psychology
250 ## - EDITION STATEMENT
Edition statement 5th
942 ## - ADDED ENTRY ELEMENTS (KOHA)
Source of classification or shelving scheme
Koha item type Psychology
Holdings
Withdrawn status Lost status Source of classification or shelving scheme Damaged status Not for loan Collection code Permanent Location Current Location Shelving location Date acquired Total Checkouts Full call number Barcode Date last seen Date checked out Price effective from Koha item type
          Psychology MAJU MAJU Shelf No.B35 2020-10-03 1 150 9764 2023-10-04 2023-09-28 2020-10-03 Psychology

Powered by Koha